US States: First & Last Letter Quiz Stats

 Plays Quiz Updated Apr 29, 2014

Support Sporcle.
Go Orange.
Score 0/50 Timer 01:30
2 Plays Today
% Correct
Alabama (aa)
93.4%
Alaska (aa)
93.4%
Arizona (aa)
93.4%
Nebraska (na)
90.2%
Nevada (na)
90.2%
North Carolina (na)
90.2%
North Dakota (na)
90.2%
California (ca)
87.5%
Florida (fa)
79.7%
South Carolina (sa)
79.2%
South Dakota (sa)
79.2%
Minnesota (ma)
78.9%
Montana (ma)
78.9%
Washington (wn)
78.2%
Wisconsin (wn)
78.1%
New York (nk)
77.3%
Indiana (ia)
73%
Iowa (ia)
73%
Mississippi (mi)
72.4%
Missouri (mi)
72.4%
Maine (me)
71.8%
Georgia (ga)
69.9%
Texas (ts)
69.1%
Oregon (on)
65.7%
Hawaii (hi)
64.6%
% Correct
New Jersey (ny)
63.8%
Ohio (oo)
61.6%
New Hampshire (ne)
61.3%
New Mexico (no)
60.7%
Michigan (mn)
59.5%
Colorado (co)
57.9%
Massachusetts (ms)
57.6%
Illinois (is)
57.1%
Louisiana (la)
57.1%
Arkansas (as)
56.7%
Connecticut (ct)
56%
Idaho (io)
55.5%
Kansas (ks)
55.4%
Delaware (de)
55.2%
Vermont (vt)
54.7%
Kentucky (ky)
54.4%
Pennsylvania (pa)
54.4%
Tennessee (te)
53.3%
Virginia (va)
52.8%
West Virginia (wa)
50.1%
Rhode Island (rd)
49.9%
Maryland (md)
48.5%
Oklahoma (oa)
47.5%
Utah (uh)
46.1%
Wyoming (wg)
45.6%

From the Vault

Can You Do the Time Warp?

by krs1291

Much more simple than the Electric Slide.
Remove Ads.
Support Sporcle.
Get the best of Sporcle when you Go Orange. This ad-free experience offers more features, more stats, and more fun while also helping to support Sporcle. Thank you for becoming a member.

Show Comments

Extras

Top Quizzes Today


Score Distribution

Your Account Isn't Verified!

In order to create a playlist on Sporcle, you need to verify the email address you used during registration. Go to your Sporcle Settings to finish the process.

Report this User

Report this user for behavior that violates our Community Guidelines.

Details: